Catálogo
 En Linea

Compendio histórico provincia Monseñor Nouel : (Registro nro. 46427)

Detalles MARC
000 -CABECERA
campo de control de longitud fija 00531nam a2200157 a 4500
001 - NÚMERO DE CONTROL
campo de control 000046939
005 - FECHA Y HORA DE LA ÚLTIMA TRANSACCIÓN
campo de control 20201002053228.0
008 - DATOS DE LONGITUD FIJA--INFORMACIÓN GENERAL
campo de control de longitud fija 180409s2014 dr abc 000 0 spa d
040 ## - FUENTE DE LA CATALOGACIÓN
Centro catalogador/agencia de origen DO-SdBNP
Lengua de catalogación spa
Centro/agencia transcriptor BNPHU
082 ## - NÚMERO DE LA CLASIFICACIÓN DECIMAL DEWEY
Número de clasificación xxxx
Número de documento/Ítem R436c
100 1# - ENTRADA PRINCIPAL--NOMBRE DE PERSONA
Nombre de persona Restituyo, Nicolás
9 (RLIN) 74855
245 10 - MENCIÓN DE TÍTULO
Título Compendio histórico provincia Monseñor Nouel :
Resto del título Gestión 373-13 /
Mención de responsabilidad, etc. Nicolás Restituyo.
260 ## - PUBLICACIÓN, DISTRIBUCIÓN, ETC.
Lugar de publicación, distribución, etc. Santo Domingo :
Nombre del editor, distribuidor, etc. Revista (Listin Diario),
Fecha de publicación, distribución, etc. 2014.
300 ## - DESCRIPCIÓN FÍSICA
Extensión 163 p. :
Otras características físicas il., retrs., mapas ;
Dimensiones 28 cm.
590 ## - NOTA LOCAL (RLIN)
Nota local Inventariado, 2020 /LP
Existencias
Estado de retiro Estado de pérdida No para préstamo Código de colección Localización permanente Ubicación/localización actual Ubicación en estantería Fecha de adquisición Número de inventario Total de préstamos Signatura topográfica completa Código de barras Fecha visto por última vez Número de copia Precio válido a partir de Tipo de ítem Koha
    Excluido de préstamo Dominicana de Servicio General General Depósito 09.04.2018 LF1   xxxx R436c 46939-30 25.06.2020 e. 3 25.06.2020 Libro y Folleto Colección Dominicana de Servicio
    Excluido de préstamo Patrimonio Dominicano Patrimonio Dominicano Patrimonio Dominicano Depósito 09.04.2018 LF1   xxxx R436c 46939-10 25.06.2020   25.06.2020 Libro y Folleto Colección Patrimonio Dominicano
    Excluido de préstamo Patrimonio Dominicano Patrimonio Dominicano Patrimonio Dominicano Depósito 09.04.2018 LF1   xxxx R436c 46939-20 25.06.2020 e. 2 25.06.2020 Libro y Folleto Colección Patrimonio Dominicano

Con tecnología Koha